Score 0/22 Timer 02:00
4 Plays Today
Clue 4-Letter Word % Correct
Fired a gunSHOT
95.5%
★ Macklemore hit 'Thrift ____' ★SHOP
92.9%
Put things into separate groupsSORT
84.5%
'____ Like It Hot'SOME
83.4%
It sullies SantaSOOT
82.1%
A real-time TV broadcastLIVE
81.5%
International Date _____LINE
79.3%
RippedTORE
76.5%
Hurting or angrySORE
75.8%
Common winter ailmentCOLD
75.3%
DomesticatedTAME
74.5%
Clue 4-Letter Word % Correct
★ Macklemore hit '____ [Rung 12]' ★SAME
74.1%
Don't put it before the horseCART
73.1%
In Uno, it might be labeled Draw TwoCARD
72.5%
'Unfaithful' actress DianeLANE
71.9%
One of Mr. Peanut's accessoriesCANE
70.2%
A zeroed weight on a balanceTARE
69.7%
A heavy twined stringCORD
69.6%
★ Macklemore hit '____ [Rung 22] Us' ★ CAN'T
68.7%
★ Macklemore hit '[Rung 9] ____' ★LOVE
66%
The capital of TogoLOMÉ
59.6%
★ Macklemore hit '[Rung 17] ____ Us' ★ HOLD
57.8%

Today's Daily Dose

Missing Word
'T' Pairs

Word Ladder
Game Pieces

Get the Picture
Baseball Movies

Remove Ads.
Support Sporcle.
Get the best of Sporcle when you Go Orange. This ad-free experience offers more features, more stats, and more fun while also helping to support Sporcle. Thank you for becoming a member.

You're not logged in!

Compare scores with friends on all Sporcle quizzes.
OR
Log In

Show Comments

Extras

Top Quizzes Today


Score Distribution

Your Account Isn't Verified!

In order to create a playlist on Sporcle, you need to verify the email address you used during registration. Go to your Sporcle Settings to finish the process.

Report this User

Report this user for behavior that violates our Community Guidelines.

Details: